=LDR 00000nam 2200000 4500 =001 INLIS000000000049596 =005 20170302115904.0 =006 =007 =008 Ind =035 ##$$0010-031700000000041 =041 ##$$a Ind =082 ##$$a 370.19 =090 ##$$a 370.19 Suk a =100 ##$$a Sukanto, Surjono =245 ##$$a Anak dan pola perikelakuannya, Prof. Dr. Soerjono Soekanto, SH., M.A =260 ##$$a Yogyakarta $b Kanisius $c 1989 =300 ##$$a xi, 137 hlm., 21 cm =650 ##$$a Anak - tingkahlaku anak =850 ##$$a NBPNMAT =990 ##$$a 21602064/BPAP-NTB/2017